IVF performance of different qualities of oocyte using co-culture and chemically-defined medium in Malaysian cattle /
Saved in:
| Main Author: | |
|---|---|
| Format: | Thesis Book |
| Language: | English |
| Published: |
2005.
|
| Subjects: | |
| Tags: |
Add Tag
No Tags, Be the first to tag this record!
|
| LEADER | 00906cam a2200241 a 4500 | ||
|---|---|---|---|
| 001 | u750192 | ||
| 003 | SIRSI | ||
| 005 | 200801030849 | ||
| 008 | 080103s2005 my a t 000 0 eng | ||
| 040 | |a UMM | ||
| 090 | |a QH302 |b UMP 2005 Habb | ||
| 100 | 0 | |a Habsah Bidin. | |
| 245 | 1 | 0 | |a IVF performance of different qualities of oocyte using co-culture and chemically-defined medium in Malaysian cattle / |c Habsah Bidin. |
| 260 | |c 2005. | ||
| 300 | |a xx, 184 leaves : |b ill. ; |c 30 cm. | ||
| 502 | |a Thesis (Ph.D.) -- Institut Sains Biologi, Fakulti Sains, Universiti Malaya, 2007. | ||
| 504 | |a Bibliography: leaves 131-168. | ||
| 650 | 0 | |a Fertilization in vitro. | |
| 650 | 0 | |a Cattle |x Reproduction. | |
| 710 | 2 | |a Universiti Malaya. |b Institut Sains Biologi. | |
| 900 | |a SK | ||
| 596 | |a 1 | ||
| 999 | |a QH302 UMP 2005 HABB |w LC |c 1 |i A513156257 |d 7/6/2016 |e 7/6/2016 |f 22/1/2008 |g 1 |l STACKS |m P01UTAMA |n 2 |r Y |s Y |t TESIS |u 15/1/2008 | ||
